000 00372nam a2200145Ia 4500
008 150201s2006 xx 000 0 und d
082 _a617.6
_bD2006P
100 _aPRAMOD JOHN
245 _aORAL MEDICINE & PATIENT EVALUATION
250 _a2ND
260 _bC.B.S PUBLISHERS & DISTRIBUTERS
_aDELHI
_c2006
300 _a1-329
650 _aORAL MEDICINE
942 _2ddc
_cBK
999 _c4189
_d4189